Introduzione al diritto canonico
Zapisane w:
| 1. autor: | |
|---|---|
| Format: | Książka |
| Język: | włoski |
| Wydane: |
Turín
G. Giappichelli
2007
|
| Wydanie: | 2a. ed |
| Seria: | Collana di Studi di Diritto Canonico ed Ecclesiastico. Sezione Canonistica, 30
|
| Hasła przedmiotowe: | |
| Etykiety: |
Dodaj etykietę
Nie ma etykietki, Dołącz pierwszą etykiete!
|
MARC
| LEADER | 00000cam a2200000 a 4500 | ||
|---|---|---|---|
| 001 | UCG8814 | ||
| 003 | CL-VaPUC | ||
| 008 | 120106e20070000IT |||||||||||||||||ita|d | ||
| 020 | |a 9788834874059 | ||
| 082 | 0 | 4 | |a 262.9 |b MON |2 21 |
| 100 | |a Moneta, Paolo |e autor |9 579911 | ||
| 245 | 1 | 0 | |a Introduzione al diritto canonico |
| 250 | |a 2a. ed | ||
| 300 | |a 183 p | ||
| 942 | |c BK | ||
| 945 | |d 20120106 00:00:00 |a cmena | ||
| 260 | |a Turín |b G. Giappichelli |c 2007 | ||
| 650 | 7 | |a DERECHO CANONICO |2 CL-VaPUC |9 559998 | |
| 650 | 0 | |a Filosofía del derecho |9 255050 | |
| 650 | 7 | |a COMUNIDAD ECLESIASTICA |2 CL-VaPUC |9 559999 | |
| 583 | |a last modification |c 20120106 11:45:00 |k Rodrigo Vera | ||
| 490 | 0 | |a Collana di Studi di Diritto Canonico ed Ecclesiastico. Sezione Canonistica, 30 | |
| 999 | |c 346402 |d 346400 | ||
| 952 | |0 0 |1 0 |4 0 |6 262_900000000000000_MON_2007 |7 0 |8 A |9 447085 |a BIBDER |b BIBDER |d 2019-11-22 |i 4817230 |o 262.9 MON 2007 |p 4817230 |r 2023-01-25 |w 2019-11-22 |y BK |k DER | ||